000 00739nam a2200253Ia 4500
003 OSt
005 20220912145619.0
006 a|||||r|||| 00| 0
007 ta
008 220909b |||||||| |||| 00| 0 eng d
024 _a71409
037 _cTextual
040 _aCSL
_beng
_cCSL
041 _aeng
082 _aG:33C5p1,N76, L8
100 _aSmith K C Ed.
111 _aInternational conference on photochemical and photobiological reviews (1976 : )
245 0 _aProceeding on photochemical and photobiological reviews
260 _aNew York
_bPlenum Press
_c1978
300 _ap.
_ccm.
650 _aPhysiology
942 _hG:33C5p1,N76, L8
_cTEXL
_2CC
999 _c34881
_d34881